{"text_format":"2","workbook":"xlsx","n_sheets":11,"sheets":["PFP1","PFP2.1_FatorK1","PFP2.2_FatorK1","PFP3_FatorK234","DQC1_Qde-Prod","DQC2.1_Qde-Mes","DQC2.2_Qde-Mes","DQC2.3_Qde-Mes","CT_CV","CT_OS","CT_RAM"],"not_rendered":{"charts":0,"images":0,"macros":0,"external_links":0,"defined_names":4,"comments":0,"pivot_tables":0},"unopened":[],"bounds":{"document_bytes":16777216,"sheet_cells":100000,"run_cost":"one","rows_first":2000,"rows_last":500,"rows_between":2000,"halvings":0,"cell_chars":16384,"cell_head_chars":4096},"cells_cut":0,"cells_raw":0,"read":"whole","date_system":"1900"}

{"sheet":"PFP1","index":0,"n_rows":38,"n_cols":9,"rows_kept":38,"cut":false,"hidden":false,"merged":[[25,0,25,4],[25,5,25,8],[24,0,24,4],[24,5,24,8],[5,0,5,2],[23,0,23,4],[23,5,23,8],[5,7,5,8],[5,3,5,6],[0,0,1,6],[4,3,4,6],[0,7,0,8],[1,7,1,8],[4,7,4,8],[2,0,2,8],[3,0,3,8],[4,0,4,2],[35,0,35,8],[31,0,31,8],[32,0,32,8],[33,0,33,8],[37,0,37,8],[34,0,34,8],[36,0,36,8],[29,0,29,6],[29,7,29,8],[26,0,26,4],[28,0,28,4],[30,0,30,8],[26,7,26,8],[27,7,27,8],[27,0,27,6]]}
["PROPOSTA FINANCEIRA DO PROJETO",{"$nulls":6},"CODIGO:"]
[{"$nulls":7},"PFP-1"]
["NOME DA CONSULTORA:"]
[]
["PROJETO:",null,null,"CONTRATANTE:",null,null,null,"EDITAL:"]
["ESTRUTURAÇÃO DO SISTEMA DE CUSTOS REFERENCIAIS DA CODEVASF E PISF",null,null,"CODEVASF (SEDE)"]
["Cod.","Categoria / Insumo","Uni","Qde","CUD","PU","FatorK","CT","PT"]
["MO","Mão de Obra",{"$nulls":5},{"$f":"SUM(H9:H15)","v":2118786.56},{"$f":"SUM(I9:I17)","v":5102341.78}]
["P1","Coordenador Geral","mês",{"$f":"'DQC1_Qde-Prod'!D5","v":16},14602.72,{"$f":"ROUND(E9*G9,2)","v":34552.959999999999},{"$f":"PFP2.1_FatorK1!$E$37","v":2.3662000000000001},{"$f":"ROUND(D9*E9,2)","v":233643.51999999999},{"$f":"ROUND(F9*D9,2)","v":552847.35999999999}]
["P2","Coordenador Civil e Hidraulica","mês",{"$f":"'DQC1_Qde-Prod'!D6","v":16},11179.52,{"$f":"ROUND(E10*G10,2)","v":26452.98},{"$f":"PFP2.1_FatorK1!$E$37","v":2.3662000000000001},178872.32000000001,423247.68]
["P2","Coordenador Eletromecanica","mês",{"$f":"'DQC1_Qde-Prod'!D7","v":16},11179.52,{"$f":"ROUND(E11*G11,2)","v":26452.98},{"$f":"PFP2.1_FatorK1!$E$37","v":2.3662000000000001},{"$f":"ROUND(D11*E11,2)","v":178872.32000000001},{"$f":"ROUND(F11*D11,2)","v":423247.68}]
["P2","Coordenador Geotecnia","mês",{"$f":"'DQC1_Qde-Prod'!D8","v":16},11179.52,{"$f":"ROUND(E12*G12,2)","v":26452.98},{"$f":"PFP2.1_FatorK1!$E$37","v":2.3662000000000001},178872.32000000001,423247.68]
["P2","Coordenador Projeto, Gestão e Serviços","mês",{"$f":"'DQC1_Qde-Prod'!D9","v":16},11179.52,26452.98,{"$f":"PFP2.1_FatorK1!$E$37","v":2.3662000000000001},178872.32000000001,423247.68]
["A2","Ajudante Administrativo - Secretario","mês",{"$f":"'DQC1_Qde-Prod'!D10","v":16},3248.96,{"$f":"ROUND(E14*G14,2)","v":7687.69},{"$f":"PFP2.1_FatorK1!$E$37","v":2.3662000000000001},{"$f":"ROUND(D14*E14,2)","v":51983.360000000001},{"$f":"ROUND(F14*D14,2)","v":123003.04}]
["T1","Técnico Pleno","mês",{"$f":"'DQC1_Qde-Prod'!D11","v":224},4989.6000000000004,8458.8700000000008,{"$f":"PFP2.2_FatorK1!$E$37","v":1.6953},{"$f":"ROUND(D15*E15,2)","v":1117670.3999999999},{"$f":"ROUND(F15*D15,2)","v":1894786.88}]
["P4","Analista Junior (Apoio)","mês",{"$f":"'DQC1_Qde-Prod'!D12","v":26},8483.2000000000007,{"$f":"ROUND(E16*G16,2)","v":14381.57},{"$f":"PFP2.2_FatorK1!$E$37","v":1.6953},{"$f":"ROUND(D16*E16,2)","v":220563.20000000001},{"$f":"ROUND(F16*D16,2)","v":373920.82}]
["T2","Tecnico Junior (Apoio)","mês",{"$f":"'DQC1_Qde-Prod'!D13","v":64},4283.84,7262.39,{"$f":"PFP2.2_FatorK1!$E$37","v":1.6953},274165.76000000001,464792.96]
["DP","Diárias e Passagens",{"$nulls":5},{"$f":"SUM(H19:H21)","v":194628.88},{"$f":"SUM(I19:I21)","v":244416.63999999998}]
["V1","Diárias","dia",{"$f":"'DQC1_Qde-Prod'!D15","v":336},239,{"$f":"ROUND(E19*G19,2)","v":300.14},{"$f":"PFP3_FatorK234!$E$19","v":1.2558},80304,100847.03999999999]
["V2","Aluguel Hatch 1.6 flex s/ Motorista","dia",{"$f":"'DQC1_Qde-Prod'!D16","v":56},108.23,{"$f":"ROUND(E20*G20,2)","v":135.91999999999999},{"$f":"PFP3_FatorK234!$E$19","v":1.2558},{"$f":"ROUND(D20*E20,2)","v":6060.88},{"$f":"ROUND(F20*D20,2)","v":7611.52}]
["V3","Passagens Aéreas (ida e volta)","un",{"$f":"'DQC1_Qde-Prod'!D17","v":96},1127.75,{"$f":"ROUND(E21*G21,2)","v":1416.23},{"$f":"PFP3_FatorK234!$E$19","v":1.2558},108264,135958.07999999999]
["EQ","Equipamentos",{"$nulls":5},{"$f":"SUM(H23:H23)","v":378.73},{"$f":"SUM(I23:I23)","v":475.6}]
["E1","Pendrive 16GB","un",{"$f":"'DQC1_Qde-Prod'!D19","v":20},{"$f":"AVERAGE(16.56, 23.75,16.5)","v":18.936666666666667},{"$f":"ROUND(E23*G23,2)","v":23.78},{"$f":"PFP3_FatorK234!$E$19","v":1.2558},{"$f":"ROUND(D23*E23,2)","v":378.73},{"$f":"ROUND(F23*D23,2)","v":475.6}]
["TOTAL DOS CUSTOS DIRETOS",{"$nulls":4},{"$f":"H8+H22+H18","v":2313794.17}]
["TOTAL DOS ENCARGOS E DISPESAS DIVERSAS",{"$nulls":4},{"$f":"F26-F24","v":3033439.8499999996}]
["TOTAL DA PROPOSTA",{"$nulls":4},{"$f":"I8+I22+I18","v":5347234.0199999996}]
["NOME DO INFORMANTE:",{"$nulls":6},"QUALIFICAÇÃO"]
[]
["ASSINATURA:",{"$nulls":6},"DATA:"]
[]
["OBSERVAÇÃO:"]
["Uni - unidade de medição do insumo;"]
["Qde - Quantidade do Insumo (não pode ocorrer alteração pela Licitante)"]
["CUD - Custo Unitário Direto do Insumo (sem encargos, taxas e impostos, valor não pode ser maior que o Orçado pela Codevasf)"]
["CT - Custo Total (sem encargos, taxas e impostos) - CT = Qde x CUD"]
["FatorK - Taxa de Ressarcimento de Despesas e Encargos (detalhar composição nas Planilhas \"FCON2.1\", \"FCON2.2\", \"FCON3\")"]
["PU - Preço Unitário (incluído encargos, taxas e impostos) - PU = CUD x FatorK"]
["PT - Preço Total (incluído encargos, taxas e impostos) - PT = Qde x PU"]

{"sheet":"PFP2.1_FatorK1","index":1,"n_rows":46,"n_cols":6,"rows_kept":46,"cut":false,"hidden":false,"merged":[[45,0,45,5],[44,0,44,5],[43,0,43,5],[42,0,42,5],[25,1,25,3],[30,1,30,3],[31,1,31,3],[40,0,40,3],[29,1,29,3],[26,1,26,3],[27,1,27,3],[28,1,28,3],[38,4,38,5],[37,4,37,5],[34,1,34,3],[32,1,32,3],[8,1,8,3],[18,1,18,3],[19,1,19,3],[9,1,9,3],[14,1,14,3],[15,1,15,3],[16,1,16,3],[17,1,17,3],[10,1,10,3],[11,1,11,3],[12,1,12,3],[13,1,13,3],[0,0,1,4],[2,0,2,5],[5,0,5,1],[5,2,5,4],[6,0,7,3],[6,4,6,5],[4,2,4,4],[3,0,3,5],[33,1,33,3],[35,1,35,3],[36,1,36,3],[20,1,20,3],[21,1,21,3],[22,1,22,3],[23,1,23,3],[24,1,24,3]]}
["DETALHAMENTO DOS ENCARGOS SOCIAIS: K1.1",{"$nulls":4},"CODIGO:"]
[{"$nulls":5},"PFP-2.1"]
["NOME DA CONSULTORA:"]
[]
["PROJETO:",null,"CONTRATANTE:",null,null,"EDITAL:"]
["ESTRUTURAÇÃO DO SISTEMA DE CUSTOS REFERENCIAIS DA CODEVASF E PISF",null,"CODEVASF (SEDE)"]
["DISCRIMINAÇÃO",null,null,null,"VALORES"]
[{"$nulls":4},"%","R$"]
["A","ENCARGOS SOCIAIS BÁSICOS",null,null,{"$f":"ROUND(SUM(E10:E18),4)","v":0.378},{"$f":"E9*SUM('PFP1'!$H$9:$H$14)","v":378421.90848000004}]
["A1","Seconci",null,null,0.01,{"$f":"E10*SUM('PFP1'!$H$9:$H$14)","v":10011.161600000001}]
["A2","INSS",null,null,0.2,{"$f":"E11*SUM('PFP1'!$H$9:$H$14)","v":200223.23200000002}]
["A3","FGTS",null,null,0.08,{"$f":"E12*SUM('PFP1'!$H$9:$H$14)","v":80089.29280000001}]
["A4","Incra",null,null,2E-3,{"$f":"E13*SUM('PFP1'!$H$9:$H$14)","v":2002.2323200000001}]
["A5","Salário Educação ",null,null,2.5000000000000001E-2,{"$f":"E14*SUM('PFP1'!$H$9:$H$14)","v":25027.904000000002}]
["A6","Sebrae",null,null,6.0000000000000001E-3,{"$f":"E15*SUM('PFP1'!$H$9:$H$14)","v":6006.6969600000002}]
["A7","Seguro contra acidente",null,null,0.03,{"$f":"E16*SUM('PFP1'!$H$9:$H$14)","v":30033.484799999998}]
["A8","Senai",null,null,0.01,{"$f":"E17*SUM('PFP1'!$H$9:$H$14)","v":10011.161600000001}]
["A9","Sesi",null,null,1.4999999999999999E-2,{"$f":"E18*SUM('PFP1'!$H$9:$H$14)","v":15016.742399999999}]
["B"," ENCARGOS SOCIAIS QUE RECEBEM INCIDÊNCIA DE \"A\"",null,null,{"$f":"ROUND(SUM(E20:E26),4)","v":0.19650000000000001},{"$f":"E19*SUM('PFP1'!$H$9:$H$14)","v":196719.32544000002}]
["B1","13º Salário  ",null,null,8.3299999999999999E-2,{"$f":"E20*SUM('PFP1'!$H$9:$H$14)","v":83392.976127999995}]
["B2","Auxilio Enfermidade",null,null,7.1000000000000004E-3,{"$f":"E21*SUM('PFP1'!$H$9:$H$14)","v":7107.9247360000008}]
["B3","Licença Paternidade",null,null,5.9999999999999995E-4,{"$f":"E22*SUM('PFP1'!$H$9:$H$14)","v":600.66969599999993}]
["B4","Faltas Justificadas",null,null,5.5999999999999999E-3,{"$f":"E23*SUM('PFP1'!$H$9:$H$14)","v":5606.2504960000006}]
["B5","Auxílio Acidente de Trabalho",null,null,8.9999999999999998E-4,{"$f":"E24*SUM('PFP1'!$H$9:$H$14)","v":901.00454400000001}]
["B6","Férias Gozadas",null,null,9.8799999999999999E-2,{"$f":"E25*SUM('PFP1'!$H$9:$H$14)","v":98910.276608}]
["B7","Salário Maternidade",null,null,2.0000000000000001E-4,{"$f":"E26*SUM('PFP1'!$H$9:$H$14)","v":200.22323200000002}]
["C"," ENCARGOS SOCIAIS QUE NÃO RECEBEM INCIDÊNCIA DE \"A\"",null,null,{"$f":"ROUND(SUM(E28:E32),4)","v":8.2799999999999999E-2},{"$f":"E27*SUM('PFP1'!$H$9:$H$14)","v":82892.418048000007}]
["C1","Aviso Prévio Indenizado",null,null,3.1E-2,{"$f":"E28*SUM('PFP1'!$H$9:$H$14)","v":31034.60096}]
["C2","Aviso Prévio Trabalhado",null,null,6.9999999999999999E-4,{"$f":"E29*SUM('PFP1'!$H$9:$H$14)","v":700.78131200000007}]
["C3","Férias Indenizadas",null,null,1.04E-2,{"$f":"E30*SUM('PFP1'!$H$9:$H$14)","v":10411.608064}]
["C4","Depósito Rescisão Sem Justa Causa",null,null,3.8100000000000002E-2,{"$f":"E31*SUM('PFP1'!$H$9:$H$14)","v":38142.525696000004}]
["C5","Indenização Adicional",null,null,2.5999999999999999E-3,{"$f":"E32*SUM('PFP1'!$H$9:$H$14)","v":2602.902016}]
["D"," REINCIDÊNCIAS",null,null,{"$f":"ROUND(SUM(E34:E35),4)","v":7.6999999999999999E-2},{"$f":"E33*SUM('PFP1'!$H$9:$H$14)","v":77085.944319999995}]
["D1","Reincidência de \"A\" sobre \"B\"",null,null,{"$f":"ROUND(E9*E19,4)","v":7.4300000000000005E-2},{"$f":"E34*SUM('PFP1'!$H$9:$H$14)","v":74382.930688000008}]
["D2","Reincidência de \"A\" sobre Aviso Prévio Trabalhado e reincidência do FGTS sobre aviso prévio indenizado",null,null,{"$f":"(E29*E9)+(E28*E12)","v":2.7445999999999998E-3},{"$f":"E35*SUM('PFP1'!$H$9:$H$14)","v":2747.6634127359998}]
["K1","ENCARGOS SOCIAIS",null,null,{"$f":"ROUND(E9+E19+E27+E33,4)","v":0.73429999999999995},{"$f":"E36*SUM('PFP1'!$H$9:$H$14)","v":735119.596288}]
["K","TAXA DE RESSARCIMENTO DE DESPESAS E ENCARGOS SOBRE M.O.",null,null,{"$f":"ROUND((1+E36+PFP3_FatorK234!E15)*(1+PFP3_FatorK234!E14)*(1+PFP3_FatorK234!E10),4)","v":2.3662000000000001}]
["NOME DO INFORMANTE:",null,null,null,"QUALIFICAÇÃO"]
[]
["ASSINATURA:",null,null,null,"DATA:"]
[]
["OBSERVAÇÃO:"]
["1 - DISCRIMINAR OS ENCARGOS SOCIAIS COM SEUS RESPECTIVOS PERCENTUAS TOTALIZANDO OS MESMOS. "]
["2 - APLICAR O  % TOTAL P/ CALCULAR OS E. SOCIAIS INCIDENTES NA MÃO-DE-OBRA COM VÍNCULO PERMANENTE"]
["K - Taxa de Ressarcimento de Despesas e Encargos sobre a Mão de Obra COM VINCULO (incide apenas no Insumo Codigo M.O.)"]
["K = (1 + K1 + K2) x (1 + K3) x (1 + K4)"]

{"sheet":"PFP2.2_FatorK1","index":2,"n_rows":46,"n_cols":6,"rows_kept":46,"cut":false,"hidden":false,"merged":[[45,0,45,5],[38,4,38,5],[40,0,40,3],[42,0,42,5],[43,0,43,5],[44,0,44,5],[33,1,33,3],[34,1,34,3],[35,1,35,3],[36,1,36,3],[37,4,37,5],[32,1,32,3],[21,1,21,3],[22,1,22,3],[23,1,23,3],[24,1,24,3],[25,1,25,3],[26,1,26,3],[27,1,27,3],[28,1,28,3],[29,1,29,3],[30,1,30,3],[31,1,31,3],[20,1,20,3],[0,0,1,4],[2,0,2,5],[3,0,3,5],[4,2,4,4],[5,0,5,1],[5,2,5,4],[6,0,7,3],[6,4,6,5],[8,1,8,3],[18,1,18,3],[19,1,19,3]]}
["DETALHAMENTO DOS ENCARGOS SOCIAIS: K1.2",{"$nulls":4},"CODIGO:"]
[{"$nulls":5},"PFP-2.2"]
["NOME DA CONSULTORA:"]
[]
["PROJETO:",null,"CONTRATANTE:",null,null,"EDITAL:"]
["ESTRUTURAÇÃO DO SISTEMA DE CUSTOS REFERENCIAIS DA CODEVASF E PISF",null,"CODEVASF (SEDE)"]
["DISCRIMINAÇÃO",null,null,null,"VALORES"]
[{"$nulls":4},"%","R$"]
["A","ENCARGOS SOCIAIS BÁSICOS",null,null,{"$f":"ROUND(SUM(E10:E18),4)","v":0.2},{"$f":"E9*SUM('PFP1'!$H$15:$H$17)","v":322479.87199999997}]
["A1","Seconci",null,null,0,{"$f":"E10*SUM('PFP1'!$H$15:$H$17)","v":0}]
["A2","INSS",null,null,0.2,{"$f":"E11*SUM('PFP1'!$H$15:$H$17)","v":322479.87199999997}]
["A3","FGTS",null,null,0,{"$f":"E12*SUM('PFP1'!$H$15:$H$17)","v":0}]
["A4","Incra",null,null,0,{"$f":"E13*SUM('PFP1'!$H$15:$H$17)","v":0}]
["A5","Salário Educação ",null,null,0,{"$f":"E14*SUM('PFP1'!$H$15:$H$17)","v":0}]
["A6","Sebrae",null,null,0,{"$f":"E15*SUM('PFP1'!$H$15:$H$17)","v":0}]
["A7","Seguro contra acidente",null,null,0,{"$f":"E16*SUM('PFP1'!$H$15:$H$17)","v":0}]
["A8","Senai",null,null,0,{"$f":"E17*SUM('PFP1'!$H$15:$H$17)","v":0}]
["A9","Sesi",null,null,0,{"$f":"E18*SUM('PFP1'!$H$15:$H$17)","v":0}]
["B"," ENCARGOS SOCIAIS QUE RECEBEM INCIDÊNCIA DE \"A\"",null,null,{"$f":"ROUND(SUM(E20:E26),4)","v":0},{"$f":"E19*SUM('PFP1'!$H$15:$H$17)","v":0}]
["B1","13º Salário  ",null,null,0,{"$f":"E20*SUM('PFP1'!$H$15:$H$17)","v":0}]
["B2","Auxilio Enfermidade",null,null,0,{"$f":"E21*SUM('PFP1'!$H$15:$H$17)","v":0}]
["B3","Licença Paternidade",null,null,0,{"$f":"E22*SUM('PFP1'!$H$15:$H$17)","v":0}]
["B4","Faltas Justificadas",null,null,0,{"$f":"E23*SUM('PFP1'!$H$15:$H$17)","v":0}]
["B5","Auxílio Acidente de Trabalho",null,null,0,{"$f":"E24*SUM('PFP1'!$H$15:$H$17)","v":0}]
["B6","Férias Gozadas",null,null,0,{"$f":"E25*SUM('PFP1'!$H$15:$H$17)","v":0}]
["B7","Salário Maternidade",null,null,0,{"$f":"E26*SUM('PFP1'!$H$15:$H$17)","v":0}]
["C"," ENCARGOS SOCIAIS QUE NÃO RECEBEM INCIDÊNCIA DE \"A\"",null,null,{"$f":"ROUND(SUM(E28:E32),4)","v":0},{"$f":"E27*SUM('PFP1'!$H$15:$H$17)","v":0}]
["C1","Aviso Prévio Indenizado",null,null,0,{"$f":"E28*SUM('PFP1'!$H$15:$H$17)","v":0}]
["C2","Aviso Prévio Trabalhado",null,null,0,{"$f":"E29*SUM('PFP1'!$H$15:$H$17)","v":0}]
["C3","Férias Indenizadas",null,null,0,{"$f":"E30*SUM('PFP1'!$H$15:$H$17)","v":0}]
["C4","Depósito Rescisão Sem Justa Causa",null,null,0,{"$f":"E31*SUM('PFP1'!$H$15:$H$17)","v":0}]
["C5","Indenização Adicional",null,null,0,{"$f":"E32*SUM('PFP1'!$H$15:$H$17)","v":0}]
["D"," REINCIDÊNCIAS",null,null,{"$f":"ROUND(SUM(E34:E35),4)","v":0},{"$f":"E33*SUM('PFP1'!$H$15:$H$17)","v":0}]
["D1","Reincidência de \"A\" sobre \"B\"",null,null,{"$f":"ROUND(E9*E19,4)","v":0},{"$f":"E34*SUM('PFP1'!$H$15:$H$17)","v":0}]
["D2","Reincidência de \"A\" sobre Aviso Prévio Trabalhado e reincidência do FGTS sobre aviso prévio indenizado",null,null,{"$f":"ROUND(E9*E29,4)+ROUND(E28*E12,4)","v":0},{"$f":"E35*SUM('PFP1'!$H$15:$H$17)","v":0}]
["K1","ENCARGOS SOCIAIS",null,null,{"$f":"ROUND(E9+E19+E27+E33,4)","v":0.2},{"$f":"E36*SUM('PFP1'!$H$15:$H$17)","v":322479.87199999997}]
["K","TAXA DE RESSARCIMENTO DE DESPESAS E ENCARGOS SOBRE M.O.",null,null,{"$f":"ROUND((1+E36+PFP3_FatorK234!E15)*(1+PFP3_FatorK234!E14)*(1+PFP3_FatorK234!E10),4)","v":1.6953}]
["NOME DO INFORMANTE:",null,null,null,"QUALIFICAÇÃO"]
[]
["ASSINATURA:",null,null,null,"DATA:"]
[]
["OBSERVAÇÃO:"]
["1 - DISCRIMINAR OS ENCARGOS SOCIAIS COM SEUS RESPECTIVOS PERCENTUAS TOTALIZANDO OS MESMOS. "]
["2 - APLICAR O % TOTAL P/ CALCULAR OS E. SOCIAIS INCIDENTES NA MÃO-DE-OBRA SEM VÍNCULO PERMANENTE"]
["K - Taxa de Ressarcimento de Despesas e Encargos sobre a Mão de Obra SEM VINCULO (incide apenas no Insumo Codigo M.O.)"]
["K = (1 + K1 + K2) x (1 + K3) x (1 + K4)"]

{"sheet":"PFP3_FatorK234","index":3,"n_rows":37,"n_cols":6,"rows_kept":37,"cut":false,"hidden":false,"merged":[[6,3,6,5],[6,0,7,2],[34,0,34,5],[14,1,14,3],[13,1,13,3],[10,1,10,2],[11,1,11,2],[12,1,12,2],[8,0,9,0],[8,1,9,2],[27,0,27,5],[0,0,1,4],[2,0,2,5],[5,0,5,1],[5,2,5,4],[4,2,4,4],[3,0,3,5],[35,0,35,5],[36,0,36,5],[18,1,18,3],[15,1,15,3],[16,1,16,3],[17,1,17,3],[23,0,23,5],[28,0,28,5],[29,0,29,5],[24,0,24,5],[25,0,25,5],[26,0,26,5],[30,0,30,5],[31,0,31,5],[32,0,32,5],[33,0,33,5]]}
["DESPESAS FISCAIS E CUSTOS DIVERSOS: K2, K3, K4",{"$nulls":4},"CODIGO:"]
[{"$nulls":5},"PFP-3"]
["NOME DA CONSULTORA:"]
[]
["PROJETO:",null,"CONTRATANTE:",null,null,"EDITAL:"]
["ESTRUTURAÇÃO DO SISTEMA DE CUSTOS REFERENCIAIS DA CODEVASF E PISF",null,"CODEVASF (SEDE)"]
["DISCRIMINAÇÃO 1",null,null,"VALORES"]
[null,null,null,"% preço","% custo","R$"]
["K4","DESPESAS FISCAIS",null,"K' (%)2","K (%)3"]
[null,null,null,{"$f":"ROUND(D11+D12+D13,4)","v":0.124},{"$f":"ROUND(E11+E12+E13,4)","v":0.1416},{"$f":"E10*SUM(SUM('PFP1'!$H$9:$H$14)*(1+PFP2.1_FatorK1!$E$36)+SUM('PFP1'!$H$15:$H$17)*(1+PFP2.2_FatorK1!$E$36)+'PFP1'!$H$18+'PFP1'!$H$22+PFP3_FatorK234!$F$15+PFP3_FatorK234!$F$14)","v":651690.58447413892}]
[1,"ISS",null,0.05,{"$f":"ROUND((1/(1-$D$10))*D11,4)","v":5.7099999999999998E-2},{"$f":"E11*SUM(SUM('PFP1'!$H$9:$H$14)*(1+PFP2.1_FatorK1!$E$36)+SUM('PFP1'!$H$15:$H$17)*(1+PFP2.2_FatorK1!$E$36)+'PFP1'!$H$18+'PFP1'!$H$22+PFP3_FatorK234!$F$15+PFP3_FatorK234!$F$14)","v":262793.30772226927}]
[2,"PIS - aliquota efetiva com percentual-desconto de 20%",null,{"$f":"ROUND(1.65%*0.8,4)","v":1.32E-2},{"$f":"ROUND((1/(1-$D$10))*D12,4)","v":1.5100000000000001E-2},{"$f":"E12*SUM(SUM('PFP1'!$H$9:$H$14)*(1+PFP2.1_FatorK1!$E$36)+SUM('PFP1'!$H$15:$H$17)*(1+PFP2.2_FatorK1!$E$36)+'PFP1'!$H$18+'PFP1'!$H$22+PFP3_FatorK234!$F$15+PFP3_FatorK234!$F$14)","v":69495.253005363687}]
[3,"COFINS - aliquota efetiva com percentual-desconto de 20%",null,{"$f":"ROUND(7.6%*0.8,4)","v":6.08E-2},6.9400000000000003E-2,{"$f":"E13*SUM(SUM('PFP1'!$H$9:$H$14)*(1+PFP2.1_FatorK1!$E$36)+SUM('PFP1'!$H$15:$H$17)*(1+PFP2.2_FatorK1!$E$36)+'PFP1'!$H$18+'PFP1'!$H$22+PFP3_FatorK234!$F$15+PFP3_FatorK234!$F$14)","v":319402.0237465059}]
["K3","REMUNERAÇÃO DA EMPRESA (LUCRO)",null,null,0.1,{"$f":"E14*SUM(SUM('PFP1'!$H$9:$H$14)*(1+PFP2.1_FatorK1!$E$36)+SUM('PFP1'!$H$15:$H$17)*(1+PFP2.2_FatorK1!$E$36)+'PFP1'!$H$18+'PFP1'!$H$22+PFP3_FatorK234!$F$15)","v":418394.0578288}]
["K2","CUSTOS DA ADMINISTRAÇÃO CENTRAL",null,null,{"$f":"ROUND(SUM(E16:E18),4)","v":0.15},{"$f":"ROUND(E15*'PFP1'!$H$8,2)","v":317817.98}]
[4,"Custos da administração central da empresa (diretoria, pessoal técnico de apoio e pessoal administrativo não diretamente vinculado à prestação dos serviços)",null,null,0.1,{"$f":"E16*'PFP1'!$H$8","v":211878.65600000002}]
[5,"Outras despesas que afetam o custo de produção como treinamento, biblioteca, programa de qualidade, programa de benefícios, auditoria interna e externa",null,null,0.03,{"$f":"E17*'PFP1'!$H$8","v":63563.596799999999}]
[6,"Despesas com aluguéis, comunicação, manutenção e transporte não diretamente relacionados com o custo direto dos serviços",null,null,0.02,{"$f":"E18*'PFP1'!$H$8","v":42375.731200000002}]
["K''","TAXA RESSARCIMENTO DE DESPESAS SOBRE CUSTOS DIVERSOS",null,null,{"$f":"ROUND((1+E14)*(1+E10),4)","v":1.2558}]
["NOME DO INFORMANTE:",null,null,null,"QUALIFICAÇÃO:"]
[]
["ASSINATURA:",null,null,null,"DATA:"]
[]
["Observação:"]
["1 - RELACIONAR OS CUSTOS DE ADMINISTRAÇÃO COM RESPECTIVOS PERCENTUAIS INCIDENTES NA MÃO -DE-OBRA"]
["1 - DISCRIMINAR OS TRIBUTOS QUE INCIDEM SOBRE OS CUSTOS DA PRESTAÇÃO DOS SERVIÇOS"]
["2 - K4 = INDICAR % DE CADA TRIBUTO E A SOMA DOS MESMOS (ex: ISS 5% + PIS 1,65% + COFINS 7,60% = 14,25%)"]
["3 - PIS e COFINS, Regime de Incidencia Acumulativa (0,65% e 3,00% - sem percentual de desconto) ou em Regime de Incidencia Não Acumulativa (1,65% e 7,60% - aplicável percentual de desconto) de acordo com a forma de apuração do lucro no IRPJ. APRESENTAR COMPROVANTES de aproveitamento de créditos tributários dos últimos 12 meses em caso de aplicação de \"percentual de desconto\"."]
["4 - AS DESPESAS FISCAIS (K4) INCIDEM SOBRE O TOTAL DA FATURA E NÃO SOBRE OS CUSTOS INCORRIDOS, "]
["     DEVENDO SER CALCULADO O K4' APLICANDO-SE A SEGUINTE FÓRMULA:"]
["     K4' = { [ 1 / ( 1 - K4) ] - 1 } x 100"]
[{"$f":"CONCATENATE(\"     K4' = { [ 1 / ( 1 - \",D10,\" ) ] - 1 } x 100\")","v":"     K4' = { [ 1 / ( 1 - 0,124 ) ] - 1 } x 100"}]
["K'' - Taxa de Ressarcimento de Despesas sobre Custos Diversos (incide sobre os Insumos Codigo DP e EQ)"]
["K'' = (1 + K3) x (1 + K4)"]
["K2 - Incide sobre o Custo Total (CT) da Mão de Obra (MO)"]
["K3 - Incide sobre o Custo Total (CT) Mão de Obra com encargos (MO x K1), demais Custos (DP e EQ), e Custos da Administração Central (K2)"]
["K4 -  Incide sobre o Custo Total (CT) Mão de Obra com encargos (MO x K1), demais Custos (DP e EQ), e Custos da Administração Central (K2) e Lucro (K3)"]

{"sheet":"DQC1_Qde-Prod","index":4,"n_rows":21,"n_cols":18,"rows_kept":21,"cut":false,"hidden":false,"merged":[[0,0,1,13],[0,14,0,17],[1,14,1,17],[19,0,20,0],[19,1,20,1]]}
["INSUMOS POR ETAPA/PRODUTO",{"$nulls":13},"CODIGO:"]
[{"$nulls":14},"DQC-1"]
["Cod.","Categoria / Insumo","Uni","Qde","CUD","PU","FatorK","E1.1","E1.2","E1.3","E2.1","E2.2","E2.3","E2.4","E2.5","E3.1","E3.2","E.4"]
["MO","Mão de Obra"]
["P1","Coordenador Geral","mês",{"$f":"SUM(H5:R5)","v":16},{"$f":"'PFP1'!E9","v":14602.72},{"$f":"'PFP1'!F9","v":34552.959999999999},{"$f":"'PFP1'!G9","v":2.3662000000000001},1,2,1,2,2,1,1,4,0,{"$f":"0.25*4*2","v":2},0]
["P2","Coordenador Civil e Hidraulica","mês",16,{"$f":"'PFP1'!E10","v":11179.52},{"$f":"'PFP1'!F10","v":26452.98},{"$f":"'PFP1'!G10","v":2.3662000000000001},1,2,1,2,2,1,1,4,0,{"$f":"0.25*4*2","v":2},0]
["P2","Coordenador Eletromecanica","mês",16,{"$f":"'PFP1'!E11","v":11179.52},{"$f":"'PFP1'!F11","v":26452.98},{"$f":"'PFP1'!G11","v":2.3662000000000001},1,2,1,2,2,1,1,4,0,2,0]
["P2","Coordenador Geotecnia","mês",16,{"$f":"'PFP1'!E12","v":11179.52},{"$f":"'PFP1'!F12","v":26452.98},{"$f":"'PFP1'!G12","v":2.3662000000000001},1,2,1,2,2,1,1,4,0,2,0]
["P2","Coordenador Projeto, Gestão e Serviços","mês",16,{"$f":"'PFP1'!E13","v":11179.52},{"$f":"'PFP1'!F13","v":26452.98},{"$f":"'PFP1'!G13","v":2.3662000000000001},1,2,1,2,2,1,1,4,0,2,0]
["A1","Secretario","mês",16,{"$f":"'PFP1'!E14","v":3248.96},{"$f":"'PFP1'!F14","v":7687.69},{"$f":"'PFP1'!G14","v":2.3662000000000001},1,2,1,2,2,1,1,4,0,2,0]
["T2","Técnico Pleno","mês",224,{"$f":"'PFP1'!E15","v":4989.6000000000004},{"$f":"'PFP1'!F15","v":8458.8700000000008},{"$f":"'PFP1'!G15","v":1.6953},0,0,0,{"$f":"4*4*K10","v":32},{"$f":"4*4*L10","v":32},{"$f":"4*4*M10","v":16},16,64,0,{"$f":"4*8*2","v":64},0]
["P4","Analista de Apoio","mês",26,{"$f":"'PFP1'!E16","v":8483.2000000000007},{"$f":"'PFP1'!F16","v":14381.57},{"$f":"'PFP1'!G16","v":1.6953},0,0,0,0,0,0,0,0,12,0,14]
["T3","Tecnico de Apoio","mês",64,{"$f":"'PFP1'!E17","v":4283.84},{"$f":"'PFP1'!F17","v":7262.39},{"$f":"'PFP1'!G17","v":1.6953},0,0,0,0,0,0,0,0,{"$f":"12*2","v":24},0,40]
["DP","Diárias e Passagens"]
["V1","Diárias","dia",{"$f":"SUM(H15:R15)","v":336},{"$f":"'PFP1'!E19","v":239},{"$f":"'PFP1'!F19","v":300.14},{"$f":"'PFP1'!G19","v":1.2558},{"$f":"H17*3","v":15},{"$f":"I17*5","v":100},{"$f":"J17*3","v":15},30,30,15,15,60,0,{"$f":"Q17*5","v":0},{"$f":"12*3+4*5","v":56}]
["V2","Aluguel Hatch 1.6 flex s/ Motorista","dia",{"$f":"SUM(H16:R16)","v":56},{"$f":"'PFP1'!E20","v":108.23},{"$f":"'PFP1'!F20","v":135.91999999999999},{"$f":"'PFP1'!G20","v":1.2558},{"$f":"H15/5","v":3},{"$f":"I15/5","v":20},3,6,6,3,3,12,0,0,0]
["V3","Passagens Aéreas (ida e volta)","un",{"$f":"SUM(H17:R17)","v":96},{"$f":"'PFP1'!E21","v":1127.75},{"$f":"'PFP1'!F21","v":1416.23},{"$f":"'PFP1'!G21","v":1.2558},{"$f":"H5*5","v":5},{"$f":"5*I5*2","v":20},{"$f":"J5*5","v":5},{"$f":"K5*5","v":10},10,5,5,20,0,0,16]
["EQ","Equipamentos"]
["E1","Pendrive 16GB","un",{"$f":"SUM(H19:R19)","v":20},{"$f":"'PFP1'!E23","v":18.936666666666667},{"$f":"'PFP1'!F23","v":23.78},{"$f":"'PFP1'!G23","v":1.2558},1,1,1,1,1,1,1,1,12,0,0]
["TOTAL","VALOR MENSAL","R$",{"$f":"SUM(H20:R20)","v":5347234.0199999996},null,null,null,{"$f":"H5*$F$5+H6*$F$6+H7*$F$7+H8*$F$8+H9*$F$9+H10*$F$10+H11*$F$11+H12*$F$12+H13*$F$13+H15*$F$15+H16*$F$16+H17*$F$17+H19*$F$19","v":160067.36000000002},{"$f":"I5*$F$5+I6*$F$6+I7*$F$7+I8*$F$8+I9*$F$9+I10*$F$10+I11*$F$11+I12*$F$12+I13*$F$13+I15*$F$15+I16*$F$16+I17*$F$17+I19*$F$19","v":357185.92000000004},160067.36000000002,590794.78,590794.78,295409.28000000003,295409.28000000003,1181565.78,347161.56,837472.82000000007,531305.10000000009]
[null,null,"%",{"$f":"SUM(H21:R21)","v":1.0000100000000001},null,null,null,{"$f":"ROUND(H20/$D$20,5)","v":2.9929999999999998E-2},{"$f":"ROUND(I20/$D$20,5)","v":6.6799999999999998E-2},2.9929999999999998E-2,0.11049,0.11049,{"$f":"ROUND(M20/$D$20,5)","v":5.525E-2},5.525E-2,0.22097,6.4920000000000005E-2,0.15662000000000001,9.9360000000000004E-2]

{"sheet":"DQC2.1_Qde-Mes","index":5,"n_rows":23,"n_cols":22,"rows_kept":23,"cut":false,"hidden":false,"merged":[[0,0,1,17],[0,18,0,21],[1,18,1,21],[21,0,22,0],[21,1,22,1]]}
["CRONOGRAMA POR ETAPA/PRODUTOS TÉCNICOS",{"$nulls":17},"CODIGO:"]
[{"$nulls":18},"DQC-2.1"]
["Cod.","Categoria / Insumo",null,null,"Mês","CUD","PU","FatorK",1,2,3,4,5,6,7,8,9,10,11,12,13,14]
["ME1","MACRO ETAPA 1 e 2",null,null,"Etapa",null,null,null,"E1.1","E1.2","E1.2","E1.3","E2.1","E2.1","E2.2","E2.2","E2.3","E2.4","E2.5","E2.5","E2.5","E2.5"]
["ME2","MACRO ETAPA 4",null,null,"Etapa",null,null,null,"E4","E4","E4","E4","E4","E4","E4","E4","E4","E4","E4","E4","E4","E4"]
["MO","Mão de Obra","Uni","QT","Qde"]
["P1","Coordenador Geral","mês",{"$f":"'DQC1_Qde-Prod'!D5","v":16},{"$f":"SUM(I7:V7)","v":14},14602.72,{"$f":"ROUND(F7*H7,2)","v":34552.959999999999},{"$f":"PFP2.1_FatorK1!$E$37","v":2.3662000000000001},1,1,1,1,1,1,1,1,1,1,1,1,1,1]
["P2","Coordenador Civil e Hidraulica","mês",{"$f":"'DQC1_Qde-Prod'!D6","v":16},14,11179.52,{"$f":"ROUND(F8*H8,2)","v":26452.98},{"$f":"PFP2.1_FatorK1!$E$37","v":2.3662000000000001},1,1,1,1,1,1,1,1,1,1,1,1,1,1]
["P2","Coordenador Eletromecanica","mês",{"$f":"'DQC1_Qde-Prod'!D7","v":16},14,11179.52,{"$f":"ROUND(F9*H9,2)","v":26452.98},{"$f":"PFP2.1_FatorK1!$E$37","v":2.3662000000000001},1,1,1,1,1,1,1,1,1,1,1,1,1,1]
["P2","Coordenador Geotecnia","mês",{"$f":"'DQC1_Qde-Prod'!D8","v":16},14,11179.52,{"$f":"ROUND(F10*H10,2)","v":26452.98},{"$f":"PFP2.1_FatorK1!$E$37","v":2.3662000000000001},1,1,1,1,1,1,1,1,1,1,1,1,1,1]
["P2","Coordenador Projeto, Gestão e Serviços","mês",{"$f":"'DQC1_Qde-Prod'!D9","v":16},14,11179.52,26452.98,{"$f":"PFP2.1_FatorK1!$E$37","v":2.3662000000000001},1,1,1,1,1,1,1,1,1,1,1,1,1,1]
["A1","Secretario","mês",{"$f":"'DQC1_Qde-Prod'!D10","v":16},14,3248.96,{"$f":"ROUND(F12*H12,2)","v":7687.69},{"$f":"PFP2.1_FatorK1!$E$37","v":2.3662000000000001},1,1,1,1,1,1,1,1,1,1,1,1,1,1]
["T2","Técnico Pleno","mês",{"$f":"'DQC1_Qde-Prod'!D11","v":224},160,4989.6000000000004,8458.8700000000008,{"$f":"PFP2.2_FatorK1!$E$37","v":1.6953},0,0,0,0,16,16,16,16,16,16,16,16,16,16]
["P4","Analista de Apoio","mês",{"$f":"'DQC1_Qde-Prod'!D12","v":26},14,8483.2000000000007,14381.57,{"$f":"PFP2.2_FatorK1!$E$37","v":1.6953},1,1,1,1,1,1,1,1,1,1,1,1,1,1]
["T3","Tecnico de Apoio","mês",{"$f":"'DQC1_Qde-Prod'!D13","v":64},40,4283.84,7262.39,{"$f":"PFP2.2_FatorK1!$E$37","v":1.6953},0,0,0,0,4,4,4,4,4,4,4,4,4,4]
["DP","Diárias e Passagens"]
["V1","Diárias","dia",{"$f":"'DQC1_Qde-Prod'!D15","v":336},{"$f":"SUM(I17:V17)","v":336},239,{"$f":"ROUND(F17*H17,2)","v":300.14},{"$f":"PFP3_FatorK234!$E$19","v":1.2558},{"$f":"I19*3","v":18},{"$f":"J19*5","v":60},{"$f":"K19*5","v":60},{"$f":"L19*3","v":18},18,18,18,18,18,18,18,18,18,18]
["V2","Aluguel Hatch 1.6 flex s/ Motorista","dia",{"$f":"'DQC1_Qde-Prod'!D16","v":56},{"$f":"SUM(I18:V18)","v":56},null,null,null,3,10,10,3,3,3,3,3,3,3,3,3,3,3]
["V3","Passagens Aéreas (ida e volta)","un",{"$f":"'DQC1_Qde-Prod'!D17","v":96},{"$f":"SUM(I19:V19)","v":96},{"$f":"AVERAGE(825,883,728,826,645,692)","v":766.5},{"$f":"ROUND(F19*H19,2)","v":962.57},{"$f":"PFP3_FatorK234!$E$19","v":1.2558},6,12,12,6,6,6,6,6,6,6,6,6,6,6]
["EQ","Equipamentos"]
["E1","Pendrive 16GB","un",{"$f":"'DQC1_Qde-Prod'!D19","v":20},{"$f":"SUM(I21:V21)","v":8},30,{"$f":"ROUND(F21*H21,2)","v":37.67},{"$f":"PFP3_FatorK234!$E$19","v":1.2558},1,null,1,1,null,1,null,1,1,1,null,null,null,1]
["TOTAL","VALOR MENSAL","R$",{"$f":"'DQC1_Qde-Prod'!D20","v":5347234.0199999996},{"$f":"SUM(I22:V22)","v":4111547.8800000004},null,null,null,{"$f":"I7*$G$7+I8*$G$8+I9*$G$9+I10*$G$10+I11*$G$11+I12*$G$12+I13*$G$13+I14*$G$14+I15*$G$15+I17*$G$17+I18*$G$18+I19*$G$19+I21*$G$21","v":173649.75000000003},{"$f":"J7*$G$7+J8*$G$8+J9*$G$9+J10*$G$10+J11*$G$11+J12*$G$12+J13*$G$13+J14*$G$14+J15*$G$15+J17*$G$17+J18*$G$18+J19*$G$19+J21*$G$21","v":191993.38},192031.05000000002,173649.75000000003,338003.56,338041.23,338003.56,338041.23,338041.23,338041.23,338003.56,338003.56,338003.56,338041.23]
[null,null,"%",{"$f":"'DQC1_Qde-Prod'!D21","v":1.0000100000000001},{"$f":"E22/$D$22","v":0.76891115380807673},{"$f":"F22/$D$22","v":0},0,0,3.2474686791433907E-2,3.5905176261576827E-2,3.591222102525448E-2,3.2474686791433907E-2,6.3210915911998927E-2,6.3217960675676588E-2,6.3210915911998927E-2,6.3217960675676588E-2,6.3217960675676588E-2,6.3217960675676588E-2,6.3210915911998927E-2,6.3210915911998927E-2,6.3210915911998927E-2,6.3217960675676588E-2]

{"sheet":"DQC2.2_Qde-Mes","index":6,"n_rows":23,"n_cols":20,"rows_kept":23,"cut":false,"hidden":false,"merged":[[0,0,1,15],[0,16,0,19],[1,16,1,19],[21,0,22,0],[21,1,22,1]]}
["CRONOGRAMA POR ETAPA/PRODUTOS SUPORTE",{"$nulls":15},"CODIGO:"]
[{"$nulls":16},"DQC-2.3"]
["Cod.","Categoria / Insumo",null,null,"Mês","CUD","PU","FatorK",1,2,3,4,5,6,7,8,9,10,11,12]
["ME1","MACRO ETAPA 3",null,null,"Etapa",null,null,null,"E3.1","E3.1","E3.1","E3.1","E3.1","E3.1","E3.1","E3.1","E3.1","E3.1","E3.1","E3.1"]
["ME2","MACRO ETAPA 3",null,null,"Etapa",{"$nulls":5},"E3.2",null,null,"E3.2",null,null,"E3.2",null,null,"E3.2"]
["MO","Mão de Obra","Uni","QT","Qde"]
["P1","Coordenador Geral","mês",{"$f":"'DQC1_Qde-Prod'!D5","v":16},{"$f":"SUM(I7:T7)","v":1},14602.72,{"$f":"ROUND(F7*H7,2)","v":34552.959999999999},{"$f":"PFP2.1_FatorK1!$E$37","v":2.3662000000000001},null,null,0.25,null,null,0.25,null,null,0.25,null,null,0.25]
["P2","Coordenador Civil e Hidraulica","mês",{"$f":"'DQC1_Qde-Prod'!D6","v":16},1,11179.52,{"$f":"ROUND(F8*H8,2)","v":26452.98},{"$f":"PFP2.1_FatorK1!$E$37","v":2.3662000000000001},null,null,0.25,null,null,0.25,null,null,0.25,null,null,0.25]
["P2","Coordenador Eletromecanica","mês",{"$f":"'DQC1_Qde-Prod'!D7","v":16},1,11179.52,{"$f":"ROUND(F9*H9,2)","v":26452.98},{"$f":"PFP2.1_FatorK1!$E$37","v":2.3662000000000001},null,null,0.25,null,null,0.25,null,null,0.25,null,null,0.25]
["P2","Coordenador Geotecnia","mês",{"$f":"'DQC1_Qde-Prod'!D8","v":16},1,11179.52,{"$f":"ROUND(F10*H10,2)","v":26452.98},{"$f":"PFP2.1_FatorK1!$E$37","v":2.3662000000000001},null,null,0.25,null,null,0.25,null,null,0.25,null,null,0.25]
["P2","Coordenador Projeto, Gestão e Serviços","mês",{"$f":"'DQC1_Qde-Prod'!D9","v":16},1,11179.52,26452.98,{"$f":"PFP2.1_FatorK1!$E$37","v":2.3662000000000001},null,null,0.25,null,null,0.25,null,null,0.25,null,null,0.25]
["A1","Secretario","mês",{"$f":"'DQC1_Qde-Prod'!D10","v":16},1,3248.96,{"$f":"ROUND(F12*H12,2)","v":7687.69},{"$f":"PFP2.1_FatorK1!$E$37","v":2.3662000000000001},null,null,0.25,null,null,0.25,null,null,0.25,null,null,0.25]
["T2","Técnico Pleno","mês",{"$f":"'DQC1_Qde-Prod'!D11","v":224},32,4989.6000000000004,8458.8700000000008,{"$f":"PFP2.2_FatorK1!$E$37","v":1.6953},null,null,8,null,null,8,null,null,8,null,null,8]
["P4","Analista de Apoio","mês",{"$f":"'DQC1_Qde-Prod'!D12","v":26},12,8483.2000000000007,14381.57,{"$f":"PFP2.2_FatorK1!$E$37","v":1.6953},1,1,1,1,1,1,1,1,1,1,1,1]
["T3","Tecnico de Apoio","mês",{"$f":"'DQC1_Qde-Prod'!D13","v":64},24,4283.84,7262.39,{"$f":"PFP2.2_FatorK1!$E$37","v":1.6953},2,2,2,2,2,2,2,2,2,2,2,2]
["DP","Diárias e Passagens"]
["V1","Diárias","dia",{"$f":"'DQC1_Qde-Prod'!D15","v":336},{"$f":"SUM(I17:T17)","v":0},239,{"$f":"ROUND(F17*H17,2)","v":300.14},{"$f":"PFP3_FatorK234!$E$19","v":1.2558}]
["V2","Aluguel Hatch 1.6 flex s/ Motorista","dia",{"$f":"'DQC1_Qde-Prod'!D16","v":56},{"$f":"SUM(I18:T18)","v":0}]
["V3","Passagens Aéreas (ida e volta)","un",{"$f":"'DQC1_Qde-Prod'!D17","v":96},{"$f":"SUM(I19:T19)","v":0},{"$f":"AVERAGE(825,883,728,826,645,692)","v":766.5},{"$f":"ROUND(F19*H19,2)","v":962.57},{"$f":"PFP3_FatorK234!$E$19","v":1.2558}]
["EQ","Equipamentos"]
["E1","Pendrive 16GB","un",{"$f":"'DQC1_Qde-Prod'!D19","v":20},{"$f":"SUM(I21:T21)","v":12},30,{"$f":"ROUND(F21*H21,2)","v":37.67},{"$f":"PFP3_FatorK234!$E$19","v":1.2558},1,1,1,1,1,1,1,1,1,1,1,1]
["TOTAL","VALOR MENSAL","R$",{"$f":"'DQC1_Qde-Prod'!D20","v":5347234.0199999996},{"$f":"SUM(I22:T22)","v":766064.65000000026},{"$f":"E7*F7+E8*F8+E9*F9+E10*F10+E11*F11+E12*F12+E13*F13+E14*F14+E15*F15+E17*F17+#REF!*#REF!+E19*F19+E21*F21","v":{"$error":"#REF!"}},{"$f":"E7*G7+E8*G8+E9*G9+E10*G10+E11*G11+E12*G12+E13*G13+E14*G14+E15*G15+E17*G17+#REF!*#REF!+E19*G19+E21*G21","v":{"$error":"#REF!"}},null,{"$f":"I7*$G$7+I8*$G$8+I9*$G$9+I10*$G$10+I11*$G$11+I12*$G$12+I13*$G$13+I14*$G$14+I15*$G$15+I17*$G$17+I18*$G$18+I19*$G$19+I21*$G$21","v":28944.019999999997},{"$f":"J7*$G$7+J8*$G$8+J9*$G$9+J10*$G$10+J11*$G$11+J12*$G$12+J13*$G$13+J14*$G$14+J15*$G$15+J17*$G$17+J18*$G$18+J19*$G$19+J21*$G$21","v":28944.019999999997},133628.12250000003,28944.019999999997,28944.019999999997,133628.12250000003,28944.019999999997,28944.019999999997,133628.12250000003,28944.019999999997,28944.019999999997,133628.12250000003]
[null,null,"%",{"$f":"'DQC1_Qde-Prod'!D21","v":1.0000100000000001},{"$f":"E22/$D$22","v":0.14326372235341223},{"$f":"F22/$D$22","v":{"$error":"#REF!"}},{"$error":"#REF!"},0,5.4128956936880046E-3,5.4128956936880046E-3,2.4990139200977039E-2,5.4128956936880046E-3,5.4128956936880046E-3,2.4990139200977039E-2,5.4128956936880046E-3,5.4128956936880046E-3,2.4990139200977039E-2,5.4128956936880046E-3,5.4128956936880046E-3,2.4990139200977039E-2]

{"sheet":"DQC2.3_Qde-Mes","index":7,"n_rows":23,"n_cols":20,"rows_kept":23,"cut":false,"hidden":false,"merged":[[0,0,1,15],[0,16,0,19],[1,16,1,19],[21,0,22,0],[21,1,22,1]]}
["CRONOGRAMA POR ETAPA/PRODUTOS SUPORTE",{"$nulls":15},"CODIGO:"]
[{"$nulls":16},"DQC-2.3"]
["Cod.","Categoria / Insumo",null,null,"Mês","CUD","PU","FatorK",1,2,3,4,5,6,7,8,9,10,11,12]
["ME1","MACRO ETAPA 3",null,null,"Etapa",null,null,null,"E3.1","E3.1","E3.1","E3.1","E3.1","E3.1","E3.1","E3.1","E3.1","E3.1","E3.1","E3.1"]
["ME2","MACRO ETAPA 4",null,null,"Etapa",{"$nulls":5},"E3.2",null,null,"E3.2",null,null,"E3.2",null,null,"E3.2"]
["MO","Mão de Obra","Uni","QT","Qde"]
["P1","Coordenador Geral","mês",{"$f":"'DQC1_Qde-Prod'!D5","v":16},{"$f":"SUM(I7:T7)","v":1},14602.72,{"$f":"ROUND(F7*H7,2)","v":34552.959999999999},{"$f":"PFP2.1_FatorK1!$E$37","v":2.3662000000000001},null,null,0.25,null,null,0.25,null,null,0.25,null,null,0.25]
["P2","Coordenador Civil e Hidraulica","mês",{"$f":"'DQC1_Qde-Prod'!D6","v":16},1,11179.52,{"$f":"ROUND(F8*H8,2)","v":26452.98},{"$f":"PFP2.1_FatorK1!$E$37","v":2.3662000000000001},null,null,0.25,null,null,0.25,null,null,0.25,null,null,0.25]
["P2","Coordenador Eletromecanica","mês",{"$f":"'DQC1_Qde-Prod'!D7","v":16},1,11179.52,{"$f":"ROUND(F9*H9,2)","v":26452.98},{"$f":"PFP2.1_FatorK1!$E$37","v":2.3662000000000001},null,null,0.25,null,null,0.25,null,null,0.25,null,null,0.25]
["P2","Coordenador Geotecnia","mês",{"$f":"'DQC1_Qde-Prod'!D8","v":16},1,11179.52,{"$f":"ROUND(F10*H10,2)","v":26452.98},{"$f":"PFP2.1_FatorK1!$E$37","v":2.3662000000000001},null,null,0.25,null,null,0.25,null,null,0.25,null,null,0.25]
["P2","Coordenador Projeto, Gestão e Serviços","mês",{"$f":"'DQC1_Qde-Prod'!D9","v":16},1,11179.52,26452.98,{"$f":"PFP2.1_FatorK1!$E$37","v":2.3662000000000001},null,null,0.25,null,null,0.25,null,null,0.25,null,null,0.25]
["A1","Secretario","mês",{"$f":"'DQC1_Qde-Prod'!D10","v":16},1,3248.96,{"$f":"ROUND(F12*H12,2)","v":7687.69},{"$f":"PFP2.1_FatorK1!$E$37","v":2.3662000000000001},null,null,0.25,null,null,0.25,null,null,0.25,null,null,0.25]
["T2","Técnico Pleno","mês",{"$f":"'DQC1_Qde-Prod'!D11","v":224},32,4989.6000000000004,8458.8700000000008,{"$f":"PFP2.2_FatorK1!$E$37","v":1.6953},null,null,8,null,null,8,null,null,8,null,null,8]
["P4","Analista de Apoio","mês",{"$f":"'DQC1_Qde-Prod'!D12","v":26},0,8483.2000000000007,14381.57,{"$f":"PFP2.2_FatorK1!$E$37","v":1.6953}]
["T3","Tecnico de Apoio","mês",{"$f":"'DQC1_Qde-Prod'!D13","v":64},0,4283.84,7262.39,{"$f":"PFP2.2_FatorK1!$E$37","v":1.6953}]
["DP","Diárias e Passagens"]
["V1","Diárias","dia",{"$f":"'DQC1_Qde-Prod'!D15","v":336},{"$f":"SUM(I17:T17)","v":0},239,{"$f":"ROUND(F17*H17,2)","v":300.14},{"$f":"PFP3_FatorK234!$E$19","v":1.2558}]
["V2","Aluguel Hatch 1.6 flex s/ Motorista","dia",{"$f":"'DQC1_Qde-Prod'!D16","v":56},{"$f":"SUM(I18:T18)","v":0}]
["V3","Passagens Aéreas (ida e volta)","un",{"$f":"'DQC1_Qde-Prod'!D17","v":96},{"$f":"SUM(I19:T19)","v":0},{"$f":"AVERAGE(825,883,728,826,645,692)","v":766.5},{"$f":"ROUND(F19*H19,2)","v":962.57},{"$f":"PFP3_FatorK234!$E$19","v":1.2558}]
["EQ","Equipamentos"]
["E1","Pendrive 16GB","un",{"$f":"'DQC1_Qde-Prod'!D19","v":20},{"$f":"SUM(I21:T21)","v":0},30,{"$f":"ROUND(F21*H21,2)","v":37.67},{"$f":"PFP3_FatorK234!$E$19","v":1.2558}]
["TOTAL","VALOR MENSAL","R$",{"$f":"'DQC1_Qde-Prod'!D20","v":5347234.0199999996},{"$f":"SUM(I22:T22)","v":418736.41000000003},{"$f":"E7*F7+E8*F8+E9*F9+E10*F10+E11*F11+E12*F12+E13*F13+E14*F14+E15*F15+E17*F17+#REF!*#REF!+E19*F19+E21*F21","v":{"$error":"#REF!"}},{"$f":"E7*G7+E8*G8+E9*G9+E10*G10+E11*G11+E12*G12+E13*G13+E14*G14+E15*G15+E17*G17+#REF!*#REF!+E19*G19+E21*G21","v":{"$error":"#REF!"}},null,{"$f":"I7*$G$7+I8*$G$8+I9*$G$9+I10*$G$10+I11*$G$11+I12*$G$12+I13*$G$13+I14*$G$14+I15*$G$15+I17*$G$17+I19*$G$19+I21*$G$21","v":0},{"$f":"J7*$G$7+J8*$G$8+J9*$G$9+J10*$G$10+J11*$G$11+J12*$G$12+J13*$G$13+J14*$G$14+J15*$G$15+J17*$G$17+J19*$G$19+J21*$G$21","v":0},104684.10250000001,0,0,104684.10250000001,0,0,104684.10250000001,0,0,104684.10250000001]
[null,null,"%",{"$f":"'DQC1_Qde-Prod'!D21","v":1.0000100000000001},{"$f":"E22/$D$22","v":7.8308974029156111E-2},{"$f":"F22/$D$22","v":{"$error":"#REF!"}},{"$error":"#REF!"},0,0,0,1.9577243507289028E-2,0,0,1.9577243507289028E-2,0,0,1.9577243507289028E-2,0,0,1.9577243507289028E-2]

{"sheet":"CT_CV","index":8,"n_rows":50,"n_cols":8,"rows_kept":50,"cut":false,"hidden":false,"merged":[[0,0,1,5],[0,6,0,7],[1,6,1,7],[5,3,5,5],[5,6,5,7],[2,0,2,7],[3,0,3,7],[10,0,10,7],[6,0,6,1],[6,2,6,7],[7,0,7,7],[9,0,9,1],[8,2,8,3],[8,4,8,5],[8,6,8,7],[11,0,11,1],[11,2,11,3],[12,0,12,1],[12,2,12,3],[11,4,11,5],[12,4,12,5],[13,0,13,1],[13,2,13,3],[14,0,14,1],[14,2,14,3],[13,4,13,5],[14,4,14,5],[17,1,17,7],[18,1,18,7],[19,1,19,7],[15,0,15,1],[15,2,15,3],[16,0,16,1],[16,2,16,3],[15,4,15,5],[16,4,16,5],[47,0,47,7],[48,0,48,7],[49,0,49,7],[4,0,4,2],[4,3,4,5],[4,6,4,7],[5,0,5,2],[43,0,43,7],[44,0,44,7],[45,0,45,7],[46,0,46,7],[33,1,33,7],[36,1,36,7],[26,1,26,7],[28,1,28,7],[29,1,29,7],[40,6,40,7],[42,6,42,7],[39,0,39,5],[40,0,40,5],[37,4,37,7],[38,0,38,3],[38,4,38,7],[27,1,27,7],[35,1,35,7],[34,1,34,7],[39,6,39,7],[9,2,9,3],[9,4,9,5],[9,6,9,7],[30,1,30,7],[31,1,31,7],[32,1,32,7],[20,1,20,7],[21,1,21,7],[22,1,22,7],[23,1,23,7],[24,1,24,7],[25,1,25,7]]}
["FICHA CURRICULAR DA EQUIPE TÉCNICA",{"$nulls":5},"CODIGO:"]
[{"$nulls":6},"CV"]
["NOME DA CONSULTORA:"]
[]
["PROJETO:",null,null,"CONTRATANTE:",null,null,"EDITAL:"]
["ESTRUTURAÇÃO DO SISTEMA DE CUSTOS REFERENCIAIS DA CODEVASF E PISF",null,null,"CODEVASF (SEDE)"]
["NOME DO PROFISSIONAL:"]
[]
["ATUAÇÃO NO PROJETO:",null,"FORMAÇÃO PRINCIPAL:",null," NASCIMENTO:",null,"NACIONALIDADE:"]
[]
["FORMAÇÃO"]
["ESCOLARIDADE",null,"ENTIDADE",null,"CIDADE",null,"DURAÇÃO","ANO CONCL."]
["Técnico (título)",null,"Escola",null,"Cidade",null,"X anos","AAAA"]
["Superior (título)",null,"Universidade",null,"Cidade",null,"X anos","AAAA"]
["Especialização (título)",null,"Universidade",null,"Cidade",null,"X anos","AAAA"]
["Mestrado (título)",null,"Universidade",null,"Cidade",null,"X anos","AAAA"]
["Doutorado (título)",null,"Universidade",null,"Cidade",null,"X anos","AAAA"]
["PERIODO","CAPACIDADE TÉCNICA - EXPERIÊNCIA PROFISSIONAL"]
["(MM/AA a MM/AA)","(Empresa, cargo ou função, cidade)"]
[]
[]
[]
[]
[]
["CAT","CAPACIDADE TÉCNICA - SERVIÇO OU OBRA"]
["(nº da ART ou CAT)","(Objeto resumido, quantificação, contratante, cidade)"]
[]
[]
[]
[]
[]
["ANO","CAPACIDADE TECNOLÓGICA - CERTIFICADO"]
["(AAAA)","(Nome do curso, empresa de treinamento, carga horaria em hs, cidade)"]
[]
[]
[]
[]
["CONCORDO EM PARTICIPAR DESTE OBJETO (ASSINATURA):",null,null,null,"Nº DO REGISTRO PROFISSIONAL:"]
[]
["NOME DO INFORMANTE:",{"$nulls":5},"QUALIFICAÇÃO"]
[]
["ASSINATURA:",{"$nulls":5},"DATA:"]
[]
["OBSERVAÇÃO:"]
["1 – PREENCHER UMA FICHA PARA CADA PROFISSIONAL DA EQUIPE CHAVE (ESPECIALISTAS) E COMPLEMENTAR (ANALISTAS)"]
["2 – JUNTAR COMPROVANTES DE ESCOLARIDADE (GRADUAÇÃO, ESPECIALIZAÇÃO, MESTRADO E DOUTORADO)"]
["3 – JUNTAR OS COMPROVANTES DA EXP. PROFISSIONAL, CERTIFICADOS PELA UNIDADE PROFISSIONAL COMPETENTE"]
["4 – JUNTAR OS COMPROVANTES DE CAPACIDADE TECNICA, RELATIVO AOS CAT DE SERVIÇOS SIMILARES OU CORRELATOS, CONFORME, ITEM 8.2.3.2"]
["5 – JUNTAR OS COMPROVANTES DE CAPACIDADE TECNOLOGICA, CONFORME ITEM 8.2.3.3."]
["6 – ITENS EM VERMELHO SÃO APENAS INSTRUÇÃO DE PREENCHIMENTO E DEVEM SER APAGADOS."]

{"sheet":"CT_OS","index":9,"n_rows":42,"n_cols":9,"rows_kept":42,"cut":false,"hidden":false,"merged":[[0,0,1,6],[0,7,0,8],[1,7,1,8],[4,0,4,2],[4,3,4,6],[4,7,4,8],[2,0,2,6],[3,0,3,6],[3,7,3,8],[43,0,43,8],[41,0,42,8],[39,7,39,8],[5,0,5,2],[5,3,5,6],[5,7,5,8],[33,0,33,4],[33,5,33,8],[7,5,7,6],[6,7,6,8],[7,7,7,8],[14,3,14,4],[15,3,15,4],[14,5,14,6],[15,5,15,6],[8,1,8,2],[40,0,40,8],[6,3,6,4],[6,5,6,6],[6,1,6,2],[7,1,7,2],[7,3,7,4],[12,3,12,4],[13,3,13,4],[36,7,36,8],[37,7,37,8],[34,0,34,4],[34,5,34,8],[35,0,35,4],[35,5,35,8],[9,1,9,2],[10,1,10,2],[38,0,38,4],[39,0,39,4],[13,1,13,2],[11,1,11,2],[11,3,11,4],[8,7,8,8],[9,7,9,8],[10,7,10,8],[37,0,37,6],[13,5,13,6],[13,7,13,8],[15,7,15,8],[36,0,36,4],[14,7,14,8],[14,1,14,2],[15,1,15,2],[11,5,11,6],[12,5,12,6],[11,7,11,8],[12,7,12,8],[12,1,12,2],[9,3,9,4],[10,3,10,4],[8,5,8,6],[9,5,9,6],[10,5,10,6],[8,3,8,4]]}
["ORDEM DE SERVIÇO",{"$nulls":6},"CODIGO:"]
[{"$nulls":7},"O.S. Nº ___"]
["NOME DA CONSULTORA:",{"$nulls":6},"N° O.S.:"]
[]
["PROJETO:",null,null,"CONTRATANTE:",null,null,null,"CONTRATO:"]
["ESTRUTURAÇÃO DO SISTEMA DE CUSTOS REFERENCIAIS DA CODEVASF E PISF",null,null,"CODEVASF (SEDE)"]
["Cod.","Atividade",null,"Tipo",null,"Prazo",null,"Obs"]
{"$rows_empty":9}
["Cod.","Categoria / Insumo","Uni","Qde","CUD","PU","FatorK","CT","PT"]
["MO","Mão de Obra"]
["P1","Coordenador Geral","mês"]
["P2","Coordenador Civil e Hidraulica","mês"]
["P2","Coordenador Eletromecanica","mês"]
["P2","Coordenador Geotecnia","mês"]
["P2","Coordenador Projeto, Gestão e Serviços","mês"]
["A1","Secretario","mês"]
["T1","Técnico Pleno","mês"]
["P3","Analista Junior (Apoio)","mês"]
["T2","Tecnico Junior (Apoio)","mês"]
["DP","Diárias e Passagens"]
["V1","Diárias","dia"]
["V2","Aluguel Hatch 1.6 flex s/ Motorista","dia"]
["V3","Passagens Aéreas (ida e volta)","un"]
["EQ","Equipamentos"]
["E1","Pendrive 16GB","un",{"$f":"'DQC1_Qde-Prod'!D29","v":0}]
["TOTAL DOS CUSTOS DIRETOS",{"$nulls":4},{"$f":"H18+H31+H26","v":0}]
["TOTAL DOS ENCARGOS E DISPESAS DIVERSAS",{"$nulls":4},{"$f":"F36-F34","v":0}]
["TOTAL DA ORDEM DE SERVIÇO",{"$nulls":4},{"$f":"I18+I31+I26","v":0}]
["FISCAL:",{"$nulls":6},"SETOR:"]
[]
["ASSINATURA:",{"$nulls":6},"DATA:"]
[]
["OBSERVAÇÃO:"]
["AS ATIVIDADES DEVEM SER ELABORADAS CONFORME ESPECIFICAÇÕES DADAS NO TERMO DE REFERÊNCIA E EDITAL, CONFORME DETALHADAMENTO E ESTABELECIDAS NO ANEXO DESTA ORDEM DE SERVIÇO"]

{"sheet":"CT_RAM","index":10,"n_rows":39,"n_cols":8,"rows_kept":39,"cut":false,"hidden":false,"merged":[[0,0,1,6],[0,7,0,8],[1,7,1,8],[4,0,4,2],[4,3,4,6],[4,7,4,8],[2,0,2,6],[3,0,3,6],[7,1,7,2],[7,3,7,4],[7,5,7,6],[7,7,7,8],[3,7,3,8],[8,1,8,2],[8,3,8,4],[8,5,8,6],[8,7,8,8],[5,0,5,2],[5,3,5,6],[5,7,5,8],[6,1,6,2],[6,3,6,4],[6,5,6,6],[6,7,6,8],[11,1,11,2],[11,3,11,4],[11,5,11,6],[11,7,11,8],[9,1,9,2],[9,3,9,4],[9,5,9,6],[9,7,9,8],[10,1,10,2],[10,3,10,4],[10,5,10,6],[10,7,10,8],[14,1,14,2],[14,3,14,4],[14,5,14,6],[14,7,14,8],[12,1,12,2],[12,3,12,4],[12,5,12,6],[12,7,12,8],[13,1,13,2],[13,3,13,4],[13,5,13,6],[13,7,13,8],[15,1,15,2],[15,3,15,4],[15,5,15,6],[15,7,15,8],[38,0,38,8],[34,0,34,4],[34,7,34,8],[35,0,35,6],[35,7,35,8],[36,0,36,4],[37,0,37,4],[37,7,37,8],[29,0,29,4],[29,5,29,8],[16,1,16,2],[16,3,16,4],[16,5,16,6],[16,7,16,8],[32,0,32,4],[32,5,32,8],[31,0,31,4],[19,7,19,8],[20,1,20,2],[20,3,20,4],[20,5,20,6],[20,7,20,8],[17,1,17,2],[17,3,17,4],[17,5,17,6],[17,7,17,8],[18,1,18,2],[18,3,18,4],[18,5,18,6],[18,7,18,8],[19,1,19,2],[19,3,19,4],[19,5,19,6],[24,1,24,2],[24,3,24,4],[24,5,24,6],[22,5,22,6],[22,7,22,8],[24,7,24,8],[21,1,21,2],[21,3,21,4],[21,5,21,6],[21,7,21,8],[22,1,22,2],[22,3,22,4],[39,0,41,8],[28,5,28,6],[28,7,28,8],[25,1,25,2],[25,3,25,4],[25,5,25,6],[25,7,25,8],[26,1,26,2],[26,3,26,4],[26,5,26,6],[26,7,26,8],[33,0,33,4],[33,5,33,8],[27,1,27,2],[27,3,27,4],[27,5,27,6],[27,7,27,8],[28,1,28,2],[28,3,28,4],[30,0,30,4]]}
["RELATÓRIO DE ACOMPANHAMENTO E MEDIÇÃO",{"$nulls":6},"CODIGO:"]
[{"$nulls":7},"RAM Nº: ___"]
["NOME DA CONSULTORA:",{"$nulls":6},"N° O.S.:"]
[]
["PROJETO:",null,null,"CONTRATANTE:",null,null,null,"CONTRATO:"]
["ESTRUTURAÇÃO DO SISTEMA DE CUSTOS REFERENCIAIS DA CODEVASF E PISF",null,null,"CODEVASF (SEDE)"]
["Cod.","Produtos Demandados",null,"Tipo",null,"Prazo",null,"Obs"]
{"$rows_empty":8}
["Cod.","Produtos Executados",null,"Tipo",null,"Prazo",null,"Obs"]
{"$rows_empty":8}
["Cod.","Infrações Constatadas",null,"Tipo",null,"Sanção",null,"Valor"]
[]
[]
[]
[]
["N° de Atividades Demandadas"]
["N° de Atividades Entregues"]
["Multas e descontos"]
["TOTAL DA ORDEM DE SERVIÇO"]
["TOTAL DA ORDEM DE PAGAMENTO"]
["FISCAL:",{"$nulls":6},"SETOR:"]
[]
["ASSINATURA:",{"$nulls":6},"DATA:"]
[]
["OBSERVAÇÕES:"]